[Event "PRVA LIGA  CENTRALNE SRBIJE"]
[Site "Vrnjacka Banja"]
[Date "2012.10.06"]
[Round "10.3"]
[White "Misojcic, Miroslav"]
[Black "Nestorovic, Nikola"]
[Result "1/2-1/2"]
[WhiteElo "2253"]
[BlackElo "2430"]
[PlyCount "65"]
[EventDate "2012.09.29"]

1. d4 Nf6 2. c4 e6 3. Nc3 Bb4 4. e3 b6 5. Bd3 Bb7 6. Nf3 O-O 7. O-O c5 8. a3
Bxc3 9. bxc3 Ne4 10. Qc2 f5 11. Nd2 Qh4 12. f3 Nxd2 13. Bxd2 Nc6 14. Be1 Qh6
15. Bf2 d6 16. e4 Qf6 17. e5 dxe5 18. dxc5 bxc5 19. Bxc5 Rfd8 20. Rfd1 Qg5 21.
Rab1 Rd7 22. Bf1 Rxd1 23. Rxd1 Rd8 24. Kh1 e4 25. fxe4 Rxd1 26. Qxd1 fxe4 27.
Qd6 Qf5 28. Kg1 a6 29. Be3 h6 30. c5 Qd5 31. Qc7 Qb3 32. Qd6 Qd5 33. Qc7
1/2-1/2

[Event "PRVA LIGA  CENTRALNE SRBIJE"]
[Site "Vrnjacka Banja"]
[Date "2012.10.06"]
[Round "10.3"]
[White "Todorovic, Jovan"]
[Black "Urosevic, Zoran"]
[Result "1-0"]
[WhiteElo "2427"]
[BlackElo "2255"]
[PlyCount "77"]
[EventDate "2012.09.29"]

1. e4 c5 2. Nf3 d6 3. d4 cxd4 4. Nxd4 Nf6 5. Nc3 a6 6. Bg5 e6 7. f4 Be7 8. Qf3
Qc7 9. O-O-O Nbd7 10. g4 b5 11. Bxf6 Nxf6 12. g5 Nd7 13. f5 Bxg5+ 14. Kb1 Ne5
15. Qh5 Qe7 16. Nxe6 Bxe6 17. fxe6 g6 18. exf7+ Kxf7 19. Qe2 Kg7 20. Nd5 Qa7
21. h4 Bh6 22. Qe1 Qc5 23. Rh3 Rhf8 24. Rc3 Qf2 25. Rc7+ Kh8 26. Qxf2 Rxf2 27.
a4 Raf8 28. Bd3 Nxd3 29. Rxd3 bxa4 30. Ra3 R8f7 31. Rxf7 Rxf7 32. Rxa4 Rf1+ 33.
Ka2 Rh1 34. Rxa6 Rxh4 35. Ra8+ Kg7 36. Ra7+ Kh8 37. Ra8+ Kg7 38. Ra7+ Kh8 39.
b4 1-0

[Event "PRVA LIGA  CENTRALNE SRBIJE"]
[Site "Vrnjacka Banja"]
[Date "2012.10.06"]
[Round "10.3"]
[White "Misic, Dragan"]
[Black "Lapcevic, Milos"]
[Result "0-1"]
[WhiteElo "2294"]
[BlackElo "2396"]
[PlyCount "36"]
[EventDate "2012.09.29"]

1. d4 Nf6 2. Nf3 e6 3. g3 b5 4. Bg2 Bb7 5. Bg5 Be7 6. O-O O-O 7. Qd3 d5 8. Ne5
c5 9. c3 h6 10. Be3 cxd4 11. Bxd4 a6 12. Nd2 Nbd7 13. Nxd7 Nxd7 14. e4 e5 15.
Be3 d4 16. cxd4 Nc5 17. Qe2 exd4 18. Bf4 g5 0-1

[Event "PRVA LIGA  CENTRALNE SRBIJE"]
[Site "Vrnjacka Banja"]
[Date "2012.10.06"]
[Round "10.6"]
[White "Rusev, Krasimir"]
[Black "Pavlovic, Dejan S"]
[Result "1-0"]
[WhiteElo "2544"]
[BlackElo "2406"]
[PlyCount "99"]
[EventDate "2012.09.29"]

1. d4 d5 2. Bf4 c5 3. e3 Nc6 4. Nf3 Nf6 5. dxc5 Bg4 6. Bb5 e6 7. b4 Be7 8. Nbd2
O-O 9. c3 Nh5 10. h3 Bxf3 11. Nxf3 Nxf4 12. exf4 Bf6 13. Rc1 a5 14. a3 axb4 15.
axb4 Qc7 16. Qd3 Ra3 17. O-O Rfa8 18. Rc2 g6 19. Rb1 Ne7 20. Nd4 b6 21. c6 Qd6
22. g3 h5 23. h4 R3a7 24. Rbc1 Kh7 25. Kg2 Rc7 26. Qe2 e5 27. fxe5 Bxe5 28. Nf3
Bf6 29. c4 d4 30. c5 bxc5 31. Rxc5 Ra3 32. Qe4 Rb3 33. Bd3 Rxb4 34. Rxh5+ Kg7
35. Rhc5 Rb3 36. Bb5 Rc3 37. R1xc3 dxc3 38. Qc4 Kf8 39. Ng5 Bxg5 40. hxg5 Kg8
41. Qxc3 Nf5 42. Qe5 Qd8 43. Rd5 Qxg5 44. Kh2 Qh6+ 45. Kg1 Qc1+ 46. Bf1 Rc8 47.
Qf6 Rf8 48. Rd8 Ng7 49. Rxf8+ Kxf8 50. Qd6+ 1-0

[Event "PRVA LIGA  CENTRALNE SRBIJE"]
[Site "Vrnjacka Banja"]
[Date "2012.10.06"]
[Round "10.6"]
[White "Colovic, Dusan"]
[Black "Marcetic, Nikola"]
[Result "0-1"]
[WhiteElo "2383"]
[BlackElo "2382"]
[PlyCount "84"]
[EventDate "2012.09.29"]

1. d4 d5 2. Nc3 Nf6 3. Bf4 e6 4. Qd3 Bd6 5. g3 Bxf4 6. gxf4 Qd6 7. e3 c5 8.
dxc5 Qxc5 9. Nf3 b6 10. O-O-O Ba6 11. Qd2 Bxf1 12. Rhxf1 Nc6 13. Rg1 g6 14. Ne5
Rc8 15. f3 b5 16. Kb1 Nxe5 17. fxe5 Nd7 18. Ne4 dxe4 19. Qxd7+ Kf8 20. Qd6+
Qxd6 21. exd6 exf3 22. Rgf1 Rc5 23. Rxf3 Rf5 24. Rxf5 gxf5 25. b3 Ke8 26. c4
bxc4 27. bxc4 Kd7 28. c5 Rb8+ 29. Ka1 Kc6 30. Rc1 Rb7 31. a3 e5 32. Rc4 Rb3 33.
Ra4 Kxc5 34. d7 Rb8 35. Rxa7 Rd8 36. Ra5+ Kd6 37. Ra6+ Ke7 38. Rh6 Rxd7 39.
Rxh7 Rd3 40. Kb2 Rxe3 41. a4 f4 42. a5 f3 0-1

[Event "PRVA LIGA  CENTRALNE SRBIJE"]
[Site "Vrnjacka Banja"]
[Date "2012.10.06"]
[Round "10.6"]
[White "Zivanic, Slobodan"]
[Black "Matijevic, Nenad"]
[Result "1/2-1/2"]
[WhiteElo "2211"]
[BlackElo "2182"]
[PlyCount "39"]
[EventDate "2012.09.29"]

1. e4 c5 2. Nf3 Nc6 3. d4 cxd4 4. Nxd4 g6 5. Nc3 Bg7 6. Be3 Nf6 7. Be2 O-O 8.
O-O d6 9. Nb3 Be6 10. f4 Na5 11. Nxa5 Qxa5 12. Bf3 Rac8 13. Re1 Qb4 14. Rb1 Nd7
15. a3 Qa5 16. Bd4 Bxd4+ 17. Qxd4 Qc5 18. Rbd1 b6 19. Rd2 Qxd4+ 20. Rxd4
1/2-1/2

[Event "PRVA LIGA  CENTRALNE SRBIJE"]
[Site "Vrnjacka Banja"]
[Date "2012.10.06"]
[Round "10"]
[White "Todorovic Goran"]
[Black "Blesic Vaso"]
[Result "1/2-1/2"]
[WhiteElo "2388"]
[BlackElo "2390"]
[PlyCount "38"]
[EventDate "2012.??.??"]

1. Nf3 c5 2. c4 g6 3. Nc3 Bg7 4. g3 Nc6 5. Bg2 d6 6. O-O e5 7. d3 Nge7 8. a3
O-O 9. Bg5 f6 10. Bd2 f5 11. Bg5 Bf6 12. Bxf6 Rxf6 13. Nd2 f4 14. Nde4 Rf8 15.
e3 Bf5 16. Qd2 Qd7 17. Rab1 Bh3 18. Rfe1 f3 19. Kh1 Qg4 1/2-1/2

[Event "PRVA LIGA  CENTRALNE SRBIJE"]
[Site "Vrnjacka Banja"]
[Date "2012.10.06"]
[Round "10"]
[White "Sandic Vladeta"]
[Black "Rajkovic Dusan"]
[Result "1/2-1/2"]
[WhiteElo "2338"]
[BlackElo "2409"]
[PlyCount "34"]
[EventDate "2012.??.??"]

1. d4 Nf6 2. c4 e6 3. Nc3 Bb4 4. Bd2 b6 5. Nf3 Bb7 6. e3 O-O 7. a3 Be7 8. Bd3
c5 9. O-O d6 10. Qe2 Nbd7 11. Rad1 Rc8 12. d5 exd5 13. cxd5 Re8 14. Bc4 Bf8 15.
h3 Ne4 16. Qd3 g6 17. Rfe1 Bg7 1/2-1/2

[Event "PRVA LIGA  CENTRALNE SRBIJE"]
[Site "Vrnjacka Banja"]
[Date "2012.10.06"]
[Round "10"]
[White "Nikolic Dragovan"]
[Black "Djokic Nenad"]
[Result "1/2-1/2"]
[WhiteElo "2239"]
[BlackElo "2401"]
[PlyCount "63"]
[EventDate "2012.??.??"]

1. e4 c5 2. Nf3 Nc6 3. b3 Nf6 4. e5 Nd5 5. c4 Nc7 6. Bb2 Ne6 7. g3 g6 8. Bg2
Bg7 9. O-O d6 10. Qe2 O-O 11. Na3 dxe5 12. d3 Ned4 13. Bxd4 exd4 14. Rae1 Re8
15. Nc2 a5 16. a3 Bd7 17. Qd2 b6 18. h4 h6 19. Nh2 Qc8 20. h5 Bh3 21. hxg6 fxg6
22. f4 Kh7 23. g4 Bxg2 24. Qxg2 Rf8 25. Re4 e5 26. f5 Ne7 27. Nf3 gxf5 28. gxf5
Nxf5 29. Rg4 Rg8 30. Nxe5 Bxe5 31. Rxg8 Qxg8 32. Rxf5 1/2-1/2

[Event "PRVA LIGA  CENTRALNE SRBIJE"]
[Site "Vrnjacka Banja"]
[Date "2012.10.06"]
[Round "10"]
[White "Ristic Nenad"]
[Black "Sorgic Dragan"]
[Result "1-0"]
[WhiteElo "2422"]
[BlackElo "2257"]
[PlyCount "87"]
[EventDate "2012.??.??"]

1. e4 g6 2. d4 Nf6 3. Nc3 d6 4. Be3 c6 5. Qd2 Nbd7 6. Nf3 b5 7. e5 b4 8. exf6
bxc3 9. Qxc3 Nxf6 10. Qxc6+ Bd7 11. Qc3 Bg7 12. Bc4 O-O 13. O-O Bg4 14. Nd2 d5
15. Bd3 Rc8 16. Qa3 Qb6 17. Nb3 Rfe8 18. Nc5 Bf5 19. Bxf5 gxf5 20. Qd3 Ne4 21.
Rab1 f4 22. Bxf4 Nxc5 23. dxc5 Qxc5 24. c3 e5 25. Bg5 h6 26. Bd2 Qa5 27. a3
Rcd8 28. Rfd1 Qa4 29. h3 Re6 30. Be3 a6 31. Bc5 Qb3 32. c4 Qxd3 33. Rxd3 d4 34.
b4 e4 35. Rdd1 Rc6 36. Kf1 h5 37. Re1 Re8 38. Rbd1 Rxc5 39. bxc5 f5 40. g4 hxg4
41. hxg4 fxg4 42. c6 g3 43. c7 gxf2 44. Rxe4 1-0

[Event "PRVA LIGA  CENTRALNE SRBIJE"]
[Site "Vrnjacka Banja"]
[Date "2012.10.06"]
[Round "10"]
[White "Ivanovic Dragutin"]
[Black "Indjic Aleksandar"]
[Result "0-1"]
[WhiteElo "2371"]
[BlackElo "2494"]
[PlyCount "94"]
[EventDate "2012.??.??"]

1. d4 Nf6 2. c4 c5 3. d5 e6 4. Nc3 exd5 5. cxd5 d6 6. e4 g6 7. Nge2 Bg7 8. Ng3
O-O 9. Be2 b6 10. O-O Ba6 11. Bxa6 Nxa6 12. Bf4 Nc7 13. Qd2 b5 14. Bh6 b4 15.
Nd1 Re8 16. Bxg7 Kxg7 17. f3 Nb5 18. Ne3 a5 19. Nc4 Nd7 20. Qd3 Nb6 21. Ne3 Nd4
22. Rae1 Qd7 23. Qd2 f6 24. Ng4 Qf7 25. Qh6+ Kh8 26. Qf4 Nc4 27. Qc1 Ne5 28.
Nf2 f5 29. f4 Nd7 30. Ne2 Nxe2+ 31. Rxe2 Nf6 32. Rfe1 fxe4 33. Nxe4 Nxe4 34.
Rxe4 Rxe4 35. Rxe4 Qxd5 36. Qe1 Rf8 37. a3 Kg7 38. g3 Rf7 39. Qe2 bxa3 40. bxa3
Rb7 41. g4 Kf6 42. f5 gxf5 43. Rf4 Kg7 44. gxf5 Kf6 45. Re4 Rg7+ 46. Kf2 Qxf5+
47. Ke1 Qxe4 0-1

[Event "PRVA LIGA  CENTRALNE SRBIJE"]
[Site "Vrnjacka Banja"]
[Date "2012.10.06"]
[Round "10.6"]
[White "Zivkovic, Ivan B"]
[Black "Misailovic, Nebojsa"]
[Result "1-0"]
[WhiteElo "2351"]
[BlackElo "2313"]
[PlyCount "151"]
[EventDate "2012.09.29"]

1. e4 c5 2. Nf3 Nc6 3. d4 cxd4 4. Nxd4 g6 5. c4 Bg7 6. Be3 Nf6 7. Nc3 Ng4 8.
Qxg4 Nxd4 9. Qd1 Ne6 10. Qd2 Qa5 11. Rc1 b6 12. Be2 Bb7 13. f3 f5 14. exf5 gxf5
15. O-O Rg8 16. Rfd1 Rd8 17. Nd5 Qxd2 18. Rxd2 Rc8 19. b3 Nc7 20. Nxc7+ Rxc7
21. f4 d6 22. g3 Be4 23. a4 Bf6 24. Ra2 Kd7 25. Kf2 Ke6 26. Bf3 Bxf3 27. Kxf3
h5 28. Rd1 Bc3 29. Rd5 Rf8 30. Rb5 Kd7 31. Rc2 Bg7 32. Ra2 Bc3 33. Rc2 Ba5 34.
Rd5 Bb4 35. Rg2 Kc6 36. Re2 Rf7 37. Bd4 Kd7 38. Bf2 Rc8 39. Rd1 Rg7 40. Rd5 Rf7
41. Rd1 Rg8 42. Rd5 Rg6 43. Rd1 Rfg7 44. Rd5 Rf7 45. Rd1 Rg8 46. Rd3 Rb8 47.
Rd1 a6 48. Ra1 Rf6 49. Rd1 b5 50. axb5 axb5 51. Ra1 Ke8 52. Ra7 Rf7 53. Re6 Rh7
54. Rg6 Kf7 55. Rg5 Ke6 56. Bd4 bxc4 57. bxc4 Rc8 58. Rg6+ Kf7 59. Rf6+ Ke8 60.
Rxf5 Rxc4 61. Rd5 Rc2 62. Rb5 Be1 63. Bf6 d5 64. Rb8+ Kf7 65. Rxe7+ Kxf6 66.
Rxh7 Rf2+ 67. Ke3 Rxh2 68. Rh6+ Kg7 69. Rc6 d4+ 70. Kxd4 Rd2+ 71. Ke5 Rd7 72.
Rb3 Kh7 73. Rcb6 Re7+ 74. Kf6 Re8 75. Rb7+ Kh6 76. R3b6 1-0